000 00473nam a22001697a 4500
003 NUST - PNEC
005 20170116181037.0
008 150919b xxu||||| |||| 00| 0 eng d
020 _a047105318X
040 _cLIBRARY
082 _a005.71369 SCH
100 _911451
_a Schneier, Bruce
245 _aE-mail security : how to keep your electronic messages private
_cBruce Schneier
260 _cc.1995
650 _911453
_aElectronic mail systems
_xEE
942 _2ddc
_cBK
999 _c67977
_d67977